000 00437nam a2200169Ia 4500
008 230524s9999 xx 000 0 und d
020 _a9780070264328
082 _a621.382
_bBHA
100 _aBharat Bhasker
245 0 _aElectronic Commerce : Framework Technologies And Applications
250 _a2ND
260 _aNEW DELHI
_bTMH
_c2006
300 _aXV;525
500 _aQuantity Number: 37
650 _aComp-Sc
942 _cBK
999 _c30527
_d30527